| 000 | 00000nas##2200000za#4500 |
| 001 | 9.512354 |
| 003 | CaOODSP |
| 005 | 20200618101617 |
| 007 | ta |
| 008 | 150406c2008||||xxc|| p #||||f| |0eng|d |
| 040 | |aCaOODSP|beng |
| 041 | |aeng |
| 041 | |afre |
| 043 | |an-cn--- |
| 086 | 1 |aHP7-1 |
| 110 | 2 |aPublic Health Agency of Canada. |
| 245 | 10|aPerinatal health indicators for Canada |
| 246 | 1 |iAlternate title : |aCanadian perinatal health report |
| 260 | |aOttawa - Ontario : |bPublic Health Agency of Canada |
| 310 | |aIrregular |
| 520 | 3 |aProvides current information on major determinants and outcomes of maternal, fetal and infant health in Canada. |
| 690 | 07|aHealth indicators|2gcpds |
| 690 | 07|aPerinatal care|2gcpds |
| 776 | 0#|tPerinatal health indicators for Canada ... |w(CaOODSP)9.506796 |
| 792 | |tIndicateurs de la santé périnatale au Canada |efre|w(CaOODSP)9.512355 |